LIBRARY & INFORMATION CENTRE, KCAET, TAVANUR

ONLINE PUBLIC ACCESS CATALOGUE (OPAC)

Bioprocess engineering: basic concepts / (Record no. 13293)

MARC details
000 -LEADER
fixed length control field 00419cam a2200157ua 4500
041 ## - LANGUAGE CODE
Language code of text/sound track or separate title eng
082 ## - DEWEY DECIMAL CLASSIFICATION NUMBER
Classification number 660.63
Item number SHU/BI
100 ## - MAIN ENTRY--AUTHOR NAME
Personal name Shuler, Michael L .
245 ## - TITLE STATEMENT
Title Bioprocess engineering: basic concepts /
260 ## - PUBLICATION, DISTRIBUTION, ETC. (IMPRINT)
Place of publication :
Name of publisher Pearson Education Asia ,
Year of publication 2006.
300 ## - PHYSICAL DESCRIPTION
Number of Pages 573 ;
Accompanying material CD.
700 1# - ADDED ENTRY--PERSONAL NAME
Personal name Kargi, Fikret .
942 ## - ADDED ENTRY ELEMENTS (KOHA)
Koha item type Books
Holdings
Withdrawn status Lost status Damaged status Home library Current library Date acquired Full call number Accession Number Koha item type
      KAUAET KAUAET 07/04/2012 660.63 21586 Books
free website counter